| 000 | 02023nam a2200313 a 4500 | ||
|---|---|---|---|
| 001 | 000000312 | ||
| 003 | DO-SdBNP | ||
| 005 | 20210415135659.0 | ||
| 007 | 000000312 | ||
| 008 | 081112s2007 dr a 001 0 spa d | ||
| 020 | _a8495193019 | ||
| 040 |
_aBPMET _bspa _cBPMET |
||
| 092 |
_a301 _bD663i, 2007 |
||
| 100 | 1 | _aD'Oleo, Frank | |
| 245 | 1 | 0 |
_aIntroducción a la sociología : _bteoría y práctica aplicada a la sociedad dominicana / _cFrank D'Oleo ; prólogo Danilo P. Climé. |
| 246 | 1 | 4 | _aIntroducción a la sociología |
| 250 | _a7a ed. | ||
| 260 |
_aSanto Domingo : _bBúho, _c2007. |
||
| 300 |
_a253 p. : _bil. ; _c21 cm. |
||
| 500 | _aIncluye glosario | ||
| 500 | _aIncluye referencias bibliográficas y notas al pie de las páginas | ||
| 504 | _aBibliografía p. : 251-253 | ||
| 505 | 0 |
_tPrólogo - _tIntroducción -- _gPrimera parte -- _tSociología: raíces, objeto y carácter científico -- _tEl origen de la sociología -- _tLos padres fundadores de la sociología -- _tObjeto de estudio de la sociología -- _tLa ciencia y la sociología -- _gSegunda parte -- _tTeorías sociológicas y método de investigación social -- _tLa teoría funcionalista de la sociología -- _tLa teoría marxista de la sociología -- _tLa teoría positivista de la sociología y la objetividad de las ciencias sociales _tLa teoría sociológica del consenso y del conflicto social -- _tMétodos de investigación sociológica -- _gTercera parte -- _tLa sociología: estructura, dinámica, socialización e interacción social aplicada -- _tEl proceso de socialización y la personalidad -- _tLa cultura -- _tLas instituciones sociales -- _tLas agrupaciones sociales -- _tModos de producción: evolución histórica y caracterización económico-social -- _tClases sociales y estratificación social -- _tDesigualdad social y pobreza -- _tGlosario -- _tBibliografía. |
|
| 650 | 4 | _aSOCIOLOGÍA | |
| 650 | 4 | _aCLASES SOCIALES | |
| 700 | 1 | 2 |
_aClimé, Danilo P., _epról. |
| 910 | _aValidado. Control de calidad BNPHU | ||
| 942 |
_2ddc _cBK |
||
| 999 |
_c7909 _d7909 |
||